Introduction to GPS (E-BOOK) (Record no. 192181)
[ view plain ]
| 000 -LEADER | |
|---|---|
| fixed length control field | 01050 a2200217 4500 |
| 003 - CONTROL NUMBER IDENTIFIER | |
| control field | Nust |
| 005 - DATE AND TIME OF LATEST TRANSACTION | |
| control field | 20170207154031.0 |
| 010 ## - LIBRARY OF CONGRESS CONTROL NUMBER | |
| LC control number | 2001055249 |
| 020 ## - INTERNATIONAL STANDARD BOOK NUMBER | |
| International Standard Book Number | 1580531830 (alk. paper) |
| 040 ## - CATALOGING SOURCE | |
| Transcribing agency | Nust |
| 082 00 - DEWEY DECIMAL CLASSIFICATION NUMBER | |
| Classification number | 910.285 |
| 100 1# - MAIN ENTRY--PERSONAL NAME | |
| Personal name | El-Rabbany, Ahmed. |
| 245 10 - TITLE STATEMENT | |
| Title | Introduction to GPS (E-BOOK) |
| Remainder of title | the Global Positioning System / |
| Statement of responsibility, etc. | Ahmed El-Rabbany. |
| 260 ## - PUBLICATION, DISTRIBUTION, ETC. | |
| Place of publication, distribution, etc. | Boston, MA : |
| Name of publisher, distributor, etc. | Artech House, |
| Date of publication, distribution, etc. | c2002. |
| 300 ## - PHYSICAL DESCRIPTION | |
| Extent | xv, 176 p. : |
| Other physical details | ill., maps ; |
| Dimensions | 24 cm. |
| 440 #0 - SERIES STATEMENT/ADDED ENTRY--TITLE | |
| Title | Artech House mobile communications series |
| 505 8# - FORMATTED CONTENTS NOTE | |
| Formatted contents note | Introduction (Page-1),GPS Details (Page-13), GPS Satellite Orbit (Page-27),GPS Errors and Biases (Page-47), GPS Positioning Modes (Page-69),Ambiguity Resolution Techniques (Page-85), GPS Data and Correction Services (Page-91), Common GPS Standard Formats (Page-101),GPS Integration (Page-117),GPS Applications (Page-129),Other Global Satellite Navigation Systems (Page-155). |
| 650 #0 - SUBJECT ADDED ENTRY--TOPICAL TERM | |
| Topical term or geographic name entry element | Global Positioning System. |
| 651 ## - SUBJECT ADDED ENTRY--GEOGRAPHIC NAME | |
| Geographic name | E-BOOK |
| 856 41 - ELECTRONIC LOCATION AND ACCESS | |
| Materials specified | Table of contents |
| Uniform Resource Identifier | <a href="http://www.loc.gov/catdir/toc/fy031/2001055249.html">http://www.loc.gov/catdir/toc/fy031/2001055249.html</a> |
| 942 ## - ADDED ENTRY ELEMENTS (KOHA) | |
| Source of classification or shelving scheme | |
| Koha item type | Book |
| Withdrawn status | Lost status | Source of classification or shelving scheme | Damaged status | Not for loan | Collection code | Permanent Location | Current Location | Date acquired | Total Checkouts | Full call number | Barcode | Date last seen | Price effective from | Koha item type |
|---|---|---|---|---|---|---|---|---|---|---|---|---|---|---|
| Military College of Signals (MCS) | Military College of Signals (MCS) | 12/12/2016 | 910.285 AHM | MCSEB-1336 | 12/08/2016 | 12/12/2016 | Book |
